Statistics for Top 100 Baby Boy Names in 2019 - Mexico

Click here to take the quiz!

General Stats

  • This quiz has been taken 433 times
  • The average score is 34 of 100

Answer Stats

RankHintAnswer% Correct
40JJosé
90%
36JJuan
90%
7DDaniel
80%
17CCarlos
77%
59MMiguel
73%
6AAlejandro
70%
13DDavid
70%
3DDiego
67%
67PPedro
65%
26PPablo
63%
64AAntonio
62%
42LLuis
62%
5SSamuel
62%
46JJesús
59%
8MMateo
58%
4NNicolás
58%
28FFernando
57%
11GGabriel
56%
94RRoberto
56%
25FFrancisco
55%
38JJorge
54%
30MManuel
54%
37JJavier
53%
63RRicardo
53%
2SSebastián
53%
12TTomás
53%
35EEduardo
51%
90LLuca
51%
1SSantiago
51%
74OOscar
50%
27MMartín
48%
15AAndrés
46%
9AÁngel
46%
22LLeonardo
46%
20LLucas
46%
43CCristian
42%
72JJulián
42%
87MMario
42%
21BBenjamín
40%
57IIván
40%
84MMarcos
38%
19AAdrián
37%
29IIsaac
37%
41EErick
36%
33EEmilio
35%
47KKevin
35%
68RRafael
35%
51SSimón
35%
70EEsteban
34%
77SSergio
33%
18AAlexander
31%
32EEmmanuel
31%
24FFelipe
31%
48JJJuan José
31%
31JPJuan Pablo
30%
23RRodrigo
30%
78GGuillermo
27%
39AAarón
25%
14EEmiliano
24%
45CChristopher
23%
65IIan
23%
80VValentín
22%
69JJonathan
21%
100FFranco
20%
62HHugo
20%
44IIgnacio
19%
52JJoshua
19%
34VVicente
19%
10MMatías
18%
99JJosué
17%
56BBruno
16%
50JDJuan David
16%
73MMauricio
16%
88CCésar
15%
16JJoaquín
15%
71JMJuan Manuel
15%
82AÁlvaro
14%
83DDylan
14%
66AAnthony
13%
53MMaximiliano
13%
54MAMiguel Ángel
13%
60TThiago
13%
95VValentino
13%
89CCristóbal
12%
93GGonzalo
12%
79MMatthew
12%
97PPatricio
12%
76AAxel
11%
58GGael
10%
86LLuciano
10%
91IIker
8%
49AAgustín
7%
55JSJuan Sebastián
7%
61JJerónimo
5%
92JAJuan Andrés
4%
75SSantino
3%
81BBautista
2%
98DADiego Alejandro
2%
96FFacundo
2%
85KKimberly
1%

Score Distribution

Percentile by Number Answered

Percent of People with Each Score

Your Score History

You have not taken this quiz